| 000 | 00569nam a2200217 a 4500 | ||
|---|---|---|---|
| 999 |
_c4605 _d4605 |
||
| 001 | 4605 | ||
| 003 | BD-JhCC | ||
| 005 | 20171128194948.0 | ||
| 008 | 171128s1962 u |||| || | 000 0 eng d | ||
| 035 | _a(BD-JhCC)4605 | ||
| 040 |
_aBD-JhCC _dBD-JhCC |
||
| 041 | _aeng | ||
| 082 |
_a515.35 _bWIL, 1962 |
||
| 100 | _aWilcox, L. R. | ||
| 245 |
_aElementary Differential Equations / _c L. R. Wilcox, |
||
| 260 |
_aUSA : _bInternational Textbook Company, _c1962. |
||
| 300 |
_a273 p. : _c24 cm. |
||
| 650 | _aDifferential Equations | ||
| 942 |
_2ddc _cBK |
||